| Tag |
First Indicator |
Second Indicator |
Subfields |
| LEADER |
00000pam a22000004a 4500 |
| 001 |
in00002000849 |
| 005 |
20151031124814.0 |
| 008 |
030925s2004 enka b 001 0 eng |
| 010 |
|
|
|a 2003065676
|
| 020 |
|
|
|a 1403905037 (hdbk.)
|
| 035 |
|
|
|a (OCoLC)ocm53099109
|
| 040 |
|
|
|a DLC
|c DLC
|d UtOrBLW
|
| 042 |
|
|
|a pcc
|
| 043 |
|
|
|a a-ii---
|
| 049 |
|
|
|a TXAM
|
| 050 |
0 |
0 |
|a HD9696.63.I42
|b B36 2004
|
| 082 |
0 |
0 |
|a 338.4/7005/0954
|2 22
|
| 100 |
1 |
|
|a Banerjee, Parthasarathi.
|
| 245 |
1 |
4 |
|a The Indian software industry :
|b business strategy and dynamic co-ordination /
|c Parthasarathi Banerjee.
|
| 264 |
|
1 |
|a Houndmills, Basingstoke, Hampshire ;
|a New York :
|b Palgrave,
|c 2004.
|
| 300 |
|
|
|a x, 268 pages :
|b illustrations ;
|c 22 cm.
|
| 336 |
|
|
|a text
|b txt
|2 rdacontent
|
| 337 |
|
|
|a unmediated
|b n
|2 rdamedia
|
| 338 |
|
|
|a volume
|b nc
|2 rdacarrier
|
| 504 |
|
|
|a Includes bibliographical references (pages 242-261) and index.
|
| 650 |
|
0 |
|a Computer software industry
|z India.
|
| 650 |
|
0 |
|a Information technology
|z India.
|
| 856 |
4 |
2 |
|3 Publisher description
|u http://www.loc.gov/catdir/description/hol041/2003065676.html
|t 0
|
| 856 |
4 |
1 |
|3 Table of contents
|u http://www.loc.gov/catdir/toc/hol041/2003065676.html
|t 0
|
| 994 |
|
|
|a C0
|b TXA
|
| 948 |
|
|
|a cataloged
|b h
|c 2005/6/30
|d c
|e bwalker
|f 2:13:10 pm
|
| 999 |
|
|
|a MARS
|
| 999 |
f |
f |
|s a8cf342a-cf74-396e-bc62-269612cd9298
|i bce97f9b-52ca-3c31-8b2a-0464c0a11b7c
|t 0
|
| 952 |
f |
f |
|p ric
|a Texas A&M University
|b Rellis Campus
|c Joint Library Facility
|d Remote Storage
|t 0
|e HD9696.63.I42 B36 2004
|h Library of Congress classification
|i unmediated -- volume
|m A14832776294
|
| 998 |
f |
f |
|a HD9696.63.I42 B36 2004
|t 0
|l Remote Storage
|